Эконометрика: учебное пособие

Chi tiết về thư mục
Tác giả chính: Калашникова Т. В. Татьяна Владимировна
Tác giả của công ty: Томский политехнический университет (ТПУ)
Tóm tắt:Заглавие с титульного экрана
Электронная версия печатной публикации
Режим доступа: из сети НТБ ТПУ
Ngôn ngữ:Tiếng Nga
Được phát hành: Томск, Изд-во ТПУ, 2007
Những chủ đề:
Truy cập trực tuyến:http://www.lib.tpu.ru/fulltext3/m/2008/m55.pdf
Định dạng: MixedMaterials Điện tử Sách
KOHA link:https://koha.lib.tpu.ru/cgi-bin/koha/opac-detail.pl?biblionumber=145242

MARC

LEADER 00000nlm0a2200000 4500
001 145242
005 20231223193519.0
035 |a (RuTPU)RU\TPU\book\157442 
090 |a 145242 
100 |a 20081015d2007 k y0rusy50 ca 
101 0 |a rus 
102 |a RU 
105 |a a j 000zy 
135 |a vrcn ---uucaa 
181 0 |a i  
182 0 |a b 
200 1 |a Эконометрика  |e учебное пособие  |f Т. В. Калашникова  |g Томский политехнический университет (ТПУ) 
203 |a Текст  |c электронный 
210 |a Томск  |c Изд-во ТПУ  |d 2007 
300 |a Заглавие с титульного экрана 
300 |a Электронная версия печатной публикации 
333 |a Режим доступа: из сети НТБ ТПУ 
337 |a Adobe Reader 
452 1 |0 (RuTPU)RU\TPU\book\94214  |t Эконометрика  |o учебное пособие  |f Т. В. Калашникова  |g Томский политехнический университет (ТПУ)  |c Томск  |n Изд-во ТПУ  |d 2007  |p 96 с.  |s Учебники Томского политехнического университета  |a Калашникова, Татьяна Владимировна 
606 1 |a Эконометрика  |2 stltpush  |3 (RuTPU)RU\TPU\subj\22155  |9 47019 
610 1 |a экономика 
610 1 |a экономические методы 
610 1 |a экономические модели 
610 1 |a линейная регрессия 
610 1 |a нелинейная регрессия 
610 1 |a гетероскедастичность 
610 1 |a фиктивные переменные 
610 1 |a динамические модели 
610 1 |a системы уравнений 
610 1 |a учебные пособия 
610 1 |a электронный ресурс 
686 |a Ув631я73  |2 rubbk 
700 1 |a Калашникова  |b Т. В.  |c специалист в области менеджмента  |c доцент Томского политехнического университета, кандидат технических наук  |f 1970-  |g Татьяна Владимировна  |3 (RuTPU)RU\TPU\pers\27132  |9 12672 
712 0 2 |a Томский политехнический университет (ТПУ)  |c (1991- )  |3 (RuTPU)RU\TPU\col\376 
801 1 |a RU  |b 63413507  |c 20081015  |g PSBO 
801 2 |a RU  |b 63413507  |c 20220908  |g PSBO 
856 4 |u http://www.lib.tpu.ru/fulltext3/m/2008/m55.pdf 
942 |c CF